| 000 | 00378nam a22001337a 4500 | ||
|---|---|---|---|
| 003 | SGT | ||
| 082 | _a341,NHR | ||
| 100 | _aNATIONAL HUMAN RIGHTS COMMISSION, INDIA | ||
| 245 | _aA HANDBOOK ON INTRENATIONAL HUMAN RIGHTS CONVENTIONS | ||
| 260 |
_aNEW DELHI _bNATIONAL HUMAN RIGHTS COMMISSION INDIA |
||
| 300 | _a303 | ||
| 650 | _a INTRENATIONAL HUMAN RIGHTS | ||
| 942 |
_2ddc _cBK |
||
| 999 |
_c10173 _d10173 |
||